<?xml version="1.0" encoding="UTF-8"?>
<record
    xmlns:xsi="http://www.w3.org/2001/XMLSchema-instance"
    xsi:schemaLocation="http://www.loc.gov/MARC21/slim http://www.loc.gov/standards/marcxml/schema/MARC21slim.xsd"
    xmlns="http://www.loc.gov/MARC21/slim">

  <leader>00938nam a22002417a 4500</leader>
  <controlfield tag="008">120605t        mx||||| |||| 00| 0 spa d</controlfield>
  <datafield tag="020" ind1=" " ind2=" ">
    <subfield code="a">968369831X</subfield>
  </datafield>
  <datafield tag="050" ind1="0" ind2="4">
    <subfield code="a">D805 .5 .A57</subfield>
    <subfield code="b">W64 2002</subfield>
  </datafield>
  <datafield tag="100" ind1="1" ind2=" ">
    <subfield code="a">Wohlfarth, Irving</subfield>
  </datafield>
  <datafield tag="245" ind1="1" ind2="3">
    <subfield code="a">La especie humana puesta a prueba en los campos : </subfield>
    <subfield code="b">reflexiones sobre Robert Antelme /</subfield>
    <subfield code="c">Irving Wohlfarth</subfield>
  </datafield>
  <datafield tag="250" ind1=" " ind2=" ">
    <subfield code="a">1a ed.</subfield>
  </datafield>
  <datafield tag="260" ind1=" " ind2=" ">
    <subfield code="a">M&#xE9;xico : </subfield>
    <subfield code="b">Universidad Nacional Autonoma de M&#xE9;xico,</subfield>
    <subfield code="c">2002</subfield>
  </datafield>
  <datafield tag="300" ind1=" " ind2=" ">
    <subfield code="a">88 p. ; </subfield>
    <subfield code="c">17 cm.</subfield>
  </datafield>
  <datafield tag="440" ind1=" " ind2="0">
    <subfield code="a">Ejercicios de memoria ; </subfield>
    <subfield code="v">2</subfield>
  </datafield>
  <datafield tag="500" ind1=" " ind2=" ">
    <subfield code="a">Esta publicaci&#xF3;n fue realizada gracias al apoyo PAPIIT IN408399</subfield>
  </datafield>
  <datafield tag="504" ind1=" " ind2=" ">
    <subfield code="a">Incluye : bibliografias</subfield>
  </datafield>
  <datafield tag="600" ind1="1" ind2="4">
    <subfield code="a">Antelme, Robert</subfield>
  </datafield>
  <datafield tag="650" ind1=" " ind2="1">
    <subfield code="a">Pricioneros de guerra</subfield>
    <subfield code="z">Francia</subfield>
    <subfield code="v">Biografias </subfield>
  </datafield>
  <datafield tag="650" ind1=" " ind2="1">
    <subfield code="a">Guerra mundial II</subfield>
    <subfield code="y">1939-1945</subfield>
    <subfield code="x">Relatos personales </subfield>
    <subfield code="z">Francia</subfield>
  </datafield>
  <datafield tag="650" ind1=" " ind2="1">
    <subfield code="a">Buchenwald (Alemania, Campo de concentraci&#xF3;n)</subfield>
  </datafield>
  <datafield tag="710" ind1="2" ind2=" ">
    <subfield code="a">Universidad Nacional Aut&#xF3;noma de Mexico </subfield>
  </datafield>
  <datafield tag="942" ind1=" " ind2=" ">
    <subfield code="2">lcc</subfield>
    <subfield code="c">LIB</subfield>
  </datafield>
  <datafield tag="999" ind1=" " ind2=" ">
    <subfield code="c">31431</subfield>
    <subfield code="d">31431</subfield>
  </datafield>
  <datafield tag="952" ind1=" " ind2=" ">
    <subfield code="1">0</subfield>
    <subfield code="2">lcc</subfield>
    <subfield code="4">0</subfield>
    <subfield code="7">0</subfield>
    <subfield code="a">LIC-046</subfield>
    <subfield code="b">LIC-046</subfield>
    <subfield code="d">2012-06-05</subfield>
    <subfield code="e">Rec. Esc.</subfield>
    <subfield code="h">LLH0000001499</subfield>
    <subfield code="o">D805 .5 .A57 W64 2002</subfield>
    <subfield code="p">LLH0000001499</subfield>
    <subfield code="r">2015-01-16 00:00:00</subfield>
    <subfield code="t">C:1</subfield>
    <subfield code="y">LIB</subfield>
    <subfield code="z">General</subfield>
  </datafield>
</record>
